00774nam a2200193Ia 4500001001000000003001000010008004100020040002500061041001300086100001900099245007800118250001100196260006100207300002800268500006800296501011400364520006800478650003400546L235-8212IT-CnALBA170116s9999||||xx |||||||||||||| ||und|| aIT-CnALBAcIT-CnALBA aITALIANO aCORDONNIER CH. 0aENCICLOPEDIA DEI SANTI: 2-3 FEBBRAIO. VOL I. LA MADONNA, STUDIO STORICO.  a2a ed. a SIENAbCANTAGALLI EZIO, EDITORE. c1954 [1° Ed.: n.d.] a224 p. (prefazione: 57) aVITA DI MARIA VERGINE, MADRE DI GESÙ. STORICA E LEGGENDARIA.  aSocietà San Paolo EM - Piazza San Paolo, 14 - 12051 ALBA (CN) (non commercial uses only) ® Copyright 2017 aVITA DI MARIA VERGINE, MADRE DI GESÙ. STORICA E LEGGENDARIA.  aMARIA SS. ANGELI SANTI DEMONI